000 00560nam a2200181Ia 4500
008 151202s9999||||xx |||||||||||||| ||und||
082 _bPNVM-60675
100 _aशिरवळकर सुहास.
245 _aप्रयास.
260 _b"सानिया पब्लिकेशन,बेळगाव."
260 _c58928
300 _a202
600 _aशिरवळकर सुहास.
630 _aप्रयास.
700 _aशिरवळकर सुहास.
730 _aप्रयास.
942 _cBOOK
999 _c1327209
_d1327206